| 000 | 00617cam a2200193 i 4500 | ||
|---|---|---|---|
| 005 | 20260215100939.0 | ||
| 008 | 250721s2014 ua gr 000 f ara d | ||
| 020 | _a9789776436428 | ||
| 082 | 1 | 4 |
_aق _bع ص م |
| 100 | 1 |
_aعصمت، محمد _eمؤلف. |
|
| 245 | 1 | 0 |
_aالممسوس : _bرواية / _cمحمد عصمت. |
| 250 | _aالطبعة الأولى. | ||
| 264 | 3 | 1 |
_aالجيزة : _bن للنشر والتوزيع، _c2014. |
| 300 | _a186صفحة. | ||
| 650 | 1 | 7 | _aالادب العربي. |
| 650 | 1 | 7 | _aالروايات العربية. |
| 942 |
_2ddc _cBK |
||
| 999 |
_c137182 _d137182 |
||